| 000 | 00524cam a22001571 4500 | ||
|---|---|---|---|
| 082 |
_a668.4. _bSOn _cL- |
||
| 100 | 1 |
_aSonneborn, Ralph H. _944919 |
|
| 245 | 1 | 0 |
_aFiberglas reinforced plastics, _cby Ralph H. Sonneborn. Contributing authors: Albert G. H. Dietz [and] Alton S. Heyser. |
| 250 | _a1st ed. | ||
| 260 |
_aNew York, _bReinhold, _c1954. |
||
| 300 |
_a244 p. _billus. _c22 cm. |
||
| 526 |
_a0 _b0 _c0 _d668_400000000000000__SON |
||
| 650 | 0 |
_aGlass-reinforced plastics. _943282 |
|
| 650 | 0 |
_aMCE _9379 |
|
| 942 |
_2ddc _cBK |
||
| 999 |
_c548570 _d548570 |
||